000 00613cam a2200193a 44500
003 OSt
005 20150408113814.0
008 030312n198u su g 0000p ara dd
040 _amu
_bara
_cmb
041 _aara
082 0 4 _a229
_bا ز د
100 1 _aالألمعي، زاهر بن عواض بن محمد،
_d1354هـ-.
_92681
245 1 0 _aدراسات في علوم القران الكريم /
_cزاهر عواض الألمعي.
250 _aط. 4
260 _aالرياض :
_bزاهر عواض الألمعي،
_c2007
300 _a266 ص. ؛
_c24 سم.
650 7 _aالقران
_xعلوم
942 _2ddc
_cBOOK
999 _c6390
_d240890